El modelo propio : (Registro nro. 6602)
[ vista simple ]
| 000 -LEADER | |
|---|---|
| fixed length control field | 01529nam a22003017a 4500 |
| 003 - CONTROL NUMBER IDENTIFIER | |
| control field | OSt |
| 005 - DATE AND TIME OF LATEST TRANSACTION | |
| control field | 20200227091201.0 |
| 008 - FIXED-LENGTH DATA ELEMENTS--GENERAL INFORMATION | |
| fixed length control field | 130821s2013 ck d fr 0dspa |
| 020 ## - INTERNATIONAL STANDARD BOOK NUMBER | |
| International Standard Book Number | 9580466335 |
| 020 ## - INTERNATIONAL STANDARD BOOK NUMBER | |
| International Standard Book Number | 9789588726083 |
| 040 ## - CATALOGING SOURCE | |
| Original cataloging agency | Co-BoUCM |
| Language of cataloging | spa |
| Transcribing agency | CO-JMCR |
| 041 00 - LANGUAGE CODE | |
| Language code of text/sound track or separate title | spa |
| 082 04 - DEWEY DECIMAL CLASSIFICATION NUMBER | |
| Classification number | 330.01 / |
| Item number | S246 |
| Edition number | 20 |
| 100 1# - MAIN ENTRY--PERSONAL NAME | |
| Personal name | Sarmiento Palacio, Eduardo, |
| 9 (RLIN) | 91792 |
| Relator term | autor |
| 245 13 - TITLE STATEMENT | |
| Title | El modelo propio : |
| Remainder of title | teorías económicas e instrumentos / |
| Statement of responsibility, etc. | Eduardo Sarmiento Palacio |
| 250 ## - EDITION STATEMENT | |
| Edition statement | 2a. Edición |
| 260 ## - PUBLICATION, DISTRIBUTION, ETC. | |
| Place of publication, distribution, etc. | Bogotá (Colombia) : |
| Name of publisher, distributor, etc. | Escuela Colombiana de Ingeniería, |
| Date of publication, distribution, etc. | 2013 |
| 300 ## - PHYSICAL DESCRIPTION | |
| Extent | xxii, 456 páginas : |
| Other physical details | gráficas a blanco y negro ; |
| Dimensions | 23 cm. |
| 490 ## - SERIES STATEMENT | |
| Series statement | Colección de economía |
| 500 ## - GENERAL NOTE | |
| General note | Incluye datos biográficos del autor en solapa frontal. |
| 504 ## - BIBLIOGRAPHY, ETC. NOTE | |
| Bibliography, etc. note | Bibliografía: páginas 451-456 |
| 505 ## - FORMATTED CONTENTS NOTE | |
| Formatted contents note | La ley de say -- Demanda efectiva y mercado monetario -- Apertura e integración -- Industria y agricultura -- Hacia una teoría del conocimiento internacional -- Replanteamiento del crecimiento económico -- Distribución del ingreso y organización económica -- Bases para la coordinación fiscal y monetaria -- Ahorro y tasa de interés -- Evolución científica y desarrollo industrial -- Sectores líderes y y exportaciones industriales -- Educación integrada -- Las reglas del modelo propio -- |
| 650 17 - SUBJECT ADDED ENTRY--TOPICAL TERM | |
| Topical term or geographic name entry element | Ahorro e inversión |
| 9 (RLIN) | 8752 |
| 650 27 - SUBJECT ADDED ENTRY--TOPICAL TERM | |
| Topical term or geographic name entry element | Apertura económica |
| 9 (RLIN) | 9239 |
| 650 27 - SUBJECT ADDED ENTRY--TOPICAL TERM | |
| Topical term or geographic name entry element | Modelos económicos |
| 9 (RLIN) | 19669 |
| 650 27 - SUBJECT ADDED ENTRY--TOPICAL TERM | |
| Topical term or geographic name entry element | Teoría económica |
| 9 (RLIN) | 25318 |
| 942 ## - ADDED ENTRY ELEMENTS (KOHA) | |
| Koha item type | Books |
| Source of classification or shelving scheme | Dewey Decimal Classification |
| Withdrawn status | Lost status | Source of classification or shelving scheme | Damaged status | Not for loan | Home library | Current library | Shelving location | Date acquired | Coded location qualifier | Total Checkouts | Full call number | Barcode | Date last seen | Copy number | Price effective from | Koha item type |
|---|---|---|---|---|---|---|---|---|---|---|---|---|---|---|---|---|
| Dewey Decimal Classification | Biblioteca Pública José María del Castillo y Rada | Biblioteca Pública José María del Castillo y Rada | Processing Center | 05/27/2019 | $0 | 330.01 / S246m | 201809443 | 05/16/2024 | Ej.2 | 02/27/2020 | Books |